Name that Anime by Picture pt.3 - Statistics

General Stats
  • This quiz has been taken 71 times
  • The average score is 12 of 56
Answer Stats
Picture Answer % Correct
Sailor Moon
85%
Code Geass
83%
Steins;Gate
67%
Monster
63%
Your Lie in April
58%
Maid Sama!
56%
Ranma 1/2
54%
Ranking of Kings
52%
Akame Ga Kill!
48%
My Dress-Up Darling
48%
Your Name
48%
Clannad
46%
Angel Beats!
42%
Cyberpunk: Edgerunners
42%
Hyouka
38%
Yo-Kai Watch
37%
Erased
27%
Rent-a-Girlfriend
27%
Mushishi
25%
A Sign of Affection
19%
Miss Kobayashi's Dragon Maid
17%
Terror in Resonance
17%
High School DxD
15%
In/Spectre
13%
Mushoku Tensei: Jobless Reincarnation
13%
Food Wars!
12%
Moriarty the Patriot
12%
Digimon Adventure
10%
Mobile Suit Gundam
10%
Persona 4: The Animation
10%
Samurai X
10%
Soul Eater Not!
10%
Persona 5: The Animation
8%
Pluto
8%
Boruto: Naruto Next Generations
6%
Don't Toy With Me, Miss Nagatoro
6%
I’m in Love with the Villainess
6%
The 100 Girlfriends Who Really, Really, Really, Really, Really Love You
6%
Date A Live
4%
KonoSuba: God's Blessing on This Wonderful World!
4%
City the Animation
2%
Haibane Renmei
2%
Honey Lemon Soda
2%
Kakuriyo: Bed and Breakfast for Spirits
2%
My Deer Friend Nokotan
2%
Romeo x Juliet
2%
Twisted-Wonderland the Animation
2%
Vampire in the Garden
2%
Hikaru no Go
0%
Monthly Girls’ Nozaki-kun
0%
Overtake!
0%
Seirei Gensouki: Spirit Chronicles
0%
Smile Precure!
0%
Sound of the Sky
0%
Suzume’s Locking Up
0%
UmamuSume: Pretty Derpy!
0%
No matching quizzes found
Score Distribution
Percent of People with Each Score
Percentile by Number Answered
Your Score History
You have not taken this quiz